000
00257nam a22001097a 4500
082
_a
796.95491 MUK'T
100
_a
MUKHTAR, BHATTI
_9
79265
245
_a
TWENTY YEARS OF SPORTS IN PAKISTAN
260
_a
LAHORE
_b
BHATTI
_c
1969
300
_a
394P
942
_c
BK
999
_c
584316
_d
584316